[Event "ch-CHN Women 2018"]
[Site "Xinghua CHN"]
[Date "2018.04.21"]
[Round "4.5"]
[White "Ning, Kaiyu"]
[Black "Wang, Yu A."]
[Result "1-0"]
[BlackTitle "IM"]
[WhiteElo "2176"]
[BlackElo "2337"]
[WhiteFideId "8614750"]
[BlackFideId "8601097"]
[EventDate "2018.04.18"]

1. d4 Nf6 2. c4 c5 3. d5 e6 4. Nc3 exd5 5. cxd5 d6 6. Nf3 g6 7. Bf4 a6 8. a4 Bg7
9. h3 O-O 10. e3 Qe7 11. Be2 Nbd7 12. O-O Ne8 13. Nd2 g5 14. Bh2 Ne5 15. Qc2 f5
16. f4 Ng6 17. Rae1 Qxe3+ 18. Kh1 gxf4 19. Bb5 axb5 20. Nxb5 Bd7 21. Nc4 Bxb5
22. Nxe3 Bxf1 23. Nxf1 Nc7 24. Nd2 b5 25. axb5 Nxb5 26. Bg1 Nd4 27. Bxd4 Bxd4
28. Nc4 Rab8 29. Rb1 Rf6 30. Na5 Ne5 31. Nc6 Nxc6 32. dxc6 d5 33. c7 Rc8 34. Qb3
Rf7 35. Qxd5 Rxc7 36. Qd8+ Kg7 37. Qg5+ Kf8 38. Qxf4 Rb7 39. b4 Bf6 40. b5 Bd4
41. Qh6+ Kg8 42. Re1 Bg7 43. Re8+ Bf8 44. Qg5+ Kh8 45. Qd8 Kg7 46. Qd3 Rbd7 47.
Qg3+ Kh8 48. Qe5+ Kg8 49. Qxc5 f4 50. Qg5+ Kh8 51. Qe5+ Kg8 52. Qe2 h6 53. Qg4+
Rg7 54. Qxf4 Rdf7 55. Qc4 Kh7 56. b6 Rf6 57. Qe4+ Rgg6 58. Qe1 1-0

[Event "ch-CHN Women 2018"]
[Site "Xinghua CHN"]
[Date "2018.04.21"]
[Round "4.6"]
[White "Gu, Tianlu"]
[Black "Liu, Manli"]
[Result "1-0"]
[WhiteTitle "WIM"]
[WhiteElo "2171"]
[BlackElo "2183"]
[WhiteFideId "8603995"]
[BlackFideId "8608121"]
[EventDate "2018.04.18"]

1. e4 c5 2. Nf3 Nc6 3. d4 cxd4 4. Nxd4 g6 5. c4 Bg7 6. Be3 Nf6 7. Nc3 O-O 8. Be2
d6 9. O-O Bd7 10. h3 Nxd4 11. Bxd4 Bc6 12. Qc2 a5 13. Rad1 Nd7 14. Bxg7 Kxg7 15.
Bg4 Nf6 16. c5 Qe8 17. cxd6 exd6 18. Rd4 Qe7 19. Rfd1 Rad8 20. Qd3 Rfe8 21. Bf3
Qe5 22. g3 Rd7 23. Bg2 Qc5 24. a3 b5 25. b4 axb4 26. axb4 Qb6 27. Rxd6 Red8 28.
e5 Rxd6 29. exd6 Bxg2 30. Kxg2 Qc6+ 31. Kg1 Rc8 32. Nxb5 Rb8 33. Nc7 Qd7 34. Qd4
Qxh3 35. Re1 Qd7 36. Re7 Qg4 37. Ne6+ Kh6 38. Qxf6 Qd1+ 39. Kg2 Qd5+ 40. f3 fxe6
41. Qf4+ 1-0

[Event "ch-CHN Women 2018"]
[Site "Xinghua CHN"]
[Date "2018.04.22"]
[Round "5.2"]
[White "Wang, Yu A."]
[Black "Gu, Tianlu"]
[Result "1-0"]
[WhiteTitle "IM"]
[BlackTitle "WIM"]
[WhiteElo "2337"]
[BlackElo "2171"]
[WhiteFideId "8601097"]
[BlackFideId "8603995"]
[EventDate "2018.04.18"]

1. d4 d5 2. Nc3 g6 3. e4 dxe4 4. Nxe4 Bg7 5. Nf3 Nh6 6. Bc4 Nf5 7. c3 Nd6 8. Bd3
Nxe4 9. Bxe4 Nd7 10. O-O O-O 11. Re1 Nf6 12. Bc2 b6 13. Qe2 e6 14. Bg5 Bb7 15.
Rad1 Qd6 16. Bh4 Nh5 17. Be4 Bxe4 18. Qxe4 Rfe8 19. Ne5 f6 20. Nd3 g5 21. Qg4
gxh4 22. Qxh5 Qd5 23. Qxd5 exd5 24. Nb4 Rxe1+ 25. Rxe1 Rd8 26. Nc6 Rd7 27. Re7
Rxe7 28. Nxe7+ Kf7 29. Nxd5 c6 30. Nb4 c5 31. dxc5 bxc5 32. Nc6 a6 33. Nb8 Ke7
34. Nxa6 Kd6 35. c4 f5 36. b4 cxb4 37. c5+ Kc6 38. Nxb4+ Kxc5 39. Nc2 f4 40. Kf1
h3 41. gxh3 Kc4 42. Ke2 Kc3 43. Ne1 Be5 44. Kf3 Bd4 45. h4 Kb2 46. Kxf4 Kxa2 47.
Nd3 Kb3 48. h5 Kc4 49. Ke4 Bg7 50. f4 Bc3 51. f5 Bg7 52. h3 h6 53. Ne5+ 1-0

[Event "ch-CHN Women 2018"]
[Site "Xinghua CHN"]
[Date "2018.04.22"]
[Round "5.4"]
[White "Ni, Shiqun"]
[Black "Zhai, Mo"]
[Result "1/2-1/2"]
[WhiteTitle "WGM"]
[BlackTitle "WGM"]
[WhiteElo "2444"]
[BlackElo "2310"]
[WhiteFideId "8608466"]
[BlackFideId "8600201"]
[EventDate "2018.04.18"]

1. e4 c5 2. Nf3 d6 3. Bb5+ Bd7 4. Bxd7+ Qxd7 5. c4 Nf6 6. Nc3 g6 7. d4 cxd4 8.
Nxd4 Bg7 9. b3 Nc6 10. Bb2 O-O 11. O-O e6 12. Rc1 Rfd8 13. Nxc6 Qxc6 14. Qd3
Nxe4 15. Nxe4 Bxb2 16. Rc2 Bg7 17. Rd1 Rd7 18. h4 Rad8 19. Qf3 f5 20. Ng5 Qxf3
21. gxf3 Re8 22. Re2 e5 23. Red2 h6 24. Nh3 Red8 25. Kg2 Bf6 26. Kg3 f4+ 27. Kg2
Bxh4 28. Rd5 Kf7 29. Ng1 Ke6 30. Ne2 Be7 31. Nc3 Rc8 32. Ne4 b6 33. a4 Rc6 34.
Rh1 h5 35. Kf1 a6 36. Kg2 Rb7 37. Nc3 Rc5 38. Rd3 Rc8 39. Rd5 Rh8 40. Rhd1 Rc7
41. R5d3 Rb7 42. Rd5 Rbb8 43. R5d3 Rhd8 44. Rh1 Kf7 45. Rd5 Rbc8 46. Rd3 Rc6 47.
Rd2 Rh8 48. Rhd1 g5 49. Nd5 a5 50. Rh1 Rh6 51. Rdd1 Bd8 52. Rh2 Kg6 53. Rdh1 Rc8
54. Kf1 Rb8 55. Ke2 Rb7 56. Nc3 Rbh7 57. Rd1 Kf5 58. Rdh1 Rh8 59. Nb5 e4 60.
fxe4+ Kxe4 61. f3+ Ke5 62. Rd1 Be7 63. Kf1 Ke6 64. Rd5 Kd7 65. Nd4 Bd8 66. Re2
Rg6 67. Rf5 Rh7 68. Rf8 h4 69. Kg2 g4 70. fxg4 Rxg4+ 71. Kf3 Rg1 72. Ree8 Be7
73. Ra8 Bxf8 74. Ra7+ Ke8 75. Rxh7 Rd1 76. Ne6 Re1 77. Nxf4 Rb1 78. Ke4 Rxb3 79.
Rxh4 Rb4 80. Kd5 Rxa4 81. Ne6 Ra1 82. Rh7 Be7 83. Kc6 Re1 84. Nc7+ Kf8 85. Nd5
Re4 86. Nxb6 Kg8 87. Rh5 a4 88. Ra5 Re5 89. Nd5 Kf7 90. Rxa4 Re4 91. Kb5 Ke6 92.
Ra7 Bf6 93. Rh7 Be5 94. Rh6+ Kf5 95. Rh5+ Ke6 96. Rh6+ Kf5 97. Ne7+ Kf4 98. Rh4+
Kf3 99. Rxe4 1/2-1/2

[Event "ch-CHN Women 2018"]
[Site "Xinghua CHN"]
[Date "2018.04.22"]
[Round "5.5"]
[White "Zhu, Jiner"]
[Black "Guo, Qi"]
[Result "1-0"]
[BlackTitle "IM"]
[WhiteElo "2313"]
[BlackElo "2381"]
[WhiteFideId "8608059"]
[BlackFideId "8604002"]
[EventDate "2018.04.18"]

1. e4 e5 2. Nf3 Nc6 3. Bc4 Bc5 4. O-O Nf6 5. d3 a6 6. Bb3 Ba7 7. c3 d6 8. Nbd2
O-O 9. h3 h6 10. Re1 Re8 11. Nf1 Be6 12. Bc2 d5 13. exd5 Nxd5 14. Ng3 Qd6 15.
Qe2 f5 16. Nh4 Nde7 17. d4 e4 18. Nh5 Bf7 19. g4 Bxh5 20. gxh5 Kh8 21. Qe3 Nd5
22. Qg3 Nce7 23. Qxd6 cxd6 24. f3 Nf6 25. Bf4 d5 26. Bd6 Nc8 27. Nxf5 Nxd6 28.
Nxd6 Re6 29. Nf5 Rae8 30. fxe4 Nxh5 31. Bb3 Nf6 32. Rf1 Nxe4 33. Bxd5 Rg6+ 34.
Kh1 Ng3+ 35. Nxg3 Rxg3 36. Rae1 Rxh3+ 37. Kg2 Rhe3 38. Rxe3 Rxe3 39. Bxb7 Re2+
40. Rf2 Rxf2+ 41. Kxf2 a5 42. Kf3 g5 43. Ke4 Kg7 44. c4 g4 45. c5 Kf6 46. a3 a4
47. Bc6 h5 48. Bxa4 Kg5 49. Bc6 h4 50. b4 Bb8 51. d5 Bf4 52. d6 h3 53. d7 Bc7
54. b5 g3 55. b6 Bd8 56. b7 1-0

[Event "ch-CHN Women 2018"]
[Site "Xinghua CHN"]
[Date "2018.04.22"]
[Round "5.6"]
[White "Ren, Xiaoyi"]
[Black "Wang, Jue"]
[Result "1-0"]
[BlackTitle "WGM"]
[WhiteElo "2263"]
[BlackElo "2365"]
[WhiteFideId "8608709"]
[BlackFideId "8604070"]
[EventDate "2018.04.18"]

1. d4 Nf6 2. Bf4 d5 3. e3 c5 4. c3 Nc6 5. Nf3 e6 6. Nbd2 cxd4 7. exd4 Nh5 8. Bg5
f6 9. Be3 Bd6 10. Ne5 g6 11. Nxc6 bxc6 12. c4 O-O 13. c5 Bc7 14. Qa4 Bd7 15. g4
Ng7 16. O-O-O a5 17. h4 Qe7 18. h5 g5 19. h6 Ne8 20. Bd3 Rb8 21. Qc2 e5 22. f3
Rb4 23. a3 Rb7 24. Rde1 Be6 25. Bf2 Kh8 26. Rhg1 exd4 27. Bxd4 Bf4 28. Bxh7 Nc7
29. Bf5 Nb5 30. Rxe6 Nxd4 31. Rxe7 Rxe7 32. Qa4 Ne2+ 33. Kd1 Nxg1 34. Qxc6 Nh3
35. Qxd5 Nf2+ 36. Kc2 Re2 37. c6 Re7 38. Ne4 Nxe4 39. fxe4 Rb8 40. b4 axb4 41.
axb4 Bc7 42. b5 Rd8 43. Qb3 Bb6 44. Bd7 Kh7 45. Qc3 Rf8 46. Qa3 Rff7 47. Qa8
Rxd7 48. cxd7 Rxd7 49. Qf8 Bd4 50. b6 Be5 51. Kb3 Bd4 52. Kc4 Bxb6 53. Qxf6 Rc7+
54. Kd3 Rd7+ 55. Ke2 Rb7 56. Qxg5 Rf7 57. Qb5 Bc7 58. g5 Kg6 59. Qd5 Re7 60.
Qf5+ Kh5 61. h7 1-0

[Event "ch-CHN Women 2018"]
[Site "Xinghua CHN"]
[Date "2018.04.23"]
[Round "6.1"]
[White "Li, Xueyi"]
[Black "Wang, Jue"]
[Result "1/2-1/2"]
[BlackTitle "WGM"]
[WhiteElo "2275"]
[BlackElo "2365"]
[WhiteFideId "8605912"]
[BlackFideId "8604070"]
[EventDate "2018.04.18"]

1. d4 Nf6 2. c4 e6 3. g3 d5 4. Bg2 Bb4+ 5. Bd2 Be7 6. Nf3 O-O 7. O-O Nbd7 8. Qc2
c6 9. Rd1 Ne4 10. Be1 f5 11. b4 Bf6 12. Nc3 Nb6 13. cxd5 cxd5 14. e3 Bd7 15.
Rdc1 Rc8 16. Qb3 Qe7 17. a4 Nc4 18. b5 g5 19. Nxe4 fxe4 20. Nd2 Nd6 21. Qa3 e5
22. Rxc8 Rxc8 23. dxe5 Qxe5 24. Rc1 Rf8 25. f3 Be7 26. Qc3 Qe6 27. fxe4 dxe4 28.
Qb3 Qxb3 29. Nxb3 Rc8 30. Rxc8+ Bxc8 31. Bb4 Be6 32. Nd2 Kf7 33. Nxe4 Nxe4 34.
Bxe7 Bf5 35. Bb4 Ke6 36. g4 Bg6 37. a5 Kd5 38. a6 bxa6 39. bxa6 Kc6 40. Be7 Kb6
41. Bf1 Be8 42. Bd3 Bc6 43. Bf8 Nf6 44. Bg7 Be4 45. Be2 Nd7 46. Bd4+ Nc5 47. Kf2
Kc6 48. Bf3 Bxf3 49. Kxf3 Nxa6 50. Bxa7 Kd5 51. Bb6 Ke5 52. Bd8 h6 53. Bb6 Ke6
54. Bd4 Nb8 55. Ke4 Nd7 56. Kd3 Kf7 57. Ke4 Ke6 58. h3 Kf7 59. Kd5 Nf8 60. Be5
Ne6 61. Bg3 Nf8 62. h4 Nd7 63. hxg5 hxg5 64. Be5 Nb6+ 65. Ke4 Ke6 66. Bc7 Nc8
67. Kf3 Kd7 68. Ba5 Nd6 69. Bb4 Nf7 70. Ba5 Ne5+ 71. Kg3 Nc4 72. Bc3 Nxe3 73.
Bf6 Nxg4 1/2-1/2

[Event "ch-CHN Women 2018"]
[Site "Xinghua CHN"]
[Date "2018.04.23"]
[Round "6.2"]
[White "Guo, Qi"]
[Black "Ren, Xiaoyi"]
[Result "1-0"]
[WhiteTitle "IM"]
[WhiteElo "2381"]
[BlackElo "2263"]
[WhiteFideId "8604002"]
[BlackFideId "8608709"]
[EventDate "2018.04.18"]

1. d4 d5 2. c4 c6 3. Nf3 Nf6 4. Nc3 e6 5. Bg5 Nbd7 6. e3 Qa5 7. Nd2 dxc4 8. Bxf6
Nxf6 9. Nxc4 Qg5 10. h4 Qg4 11. Be2 Qxg2 12. Bf3 Qg6 13. Ne5 Qh6 14. Qa4 Bd7 15.
Qb3 b6 16. Nb5 cxb5 17. Bxa8 Bd6 18. Nxd7 Nxd7 19. Qxb5 O-O 20. Bb7 Nf6 21. Qg5
Qxg5 22. hxg5 Nd7 23. Rc1 f6 24. gxf6 Rxf6 25. Rc8+ Nf8 26. Ke2 g6 27. f4 Rf5
28. Ba6 Rf7 29. Rd8 Be7 30. Ra8 Bd6 31. Rc1 Kg7 32. Rc6 Rd7 33. Bc8 Rd8 34.
Rxa7+ Kf6 35. Kf3 g5 36. fxg5+ Kxg5 37. Rxb6 h5 38. Raa6 Bc7 39. Rb5+ Kf6 40.
Bxe6 Nxe6 41. d5 h4 42. Rxe6+ 1-0

[Event "ch-CHN Women 2018"]
[Site "Xinghua CHN"]
[Date "2018.04.23"]
[Round "6.3"]
[White "Zhai, Mo"]
[Black "Zhu, Jiner"]
[Result "1-0"]
[WhiteTitle "WGM"]
[WhiteElo "2310"]
[BlackElo "2313"]
[WhiteFideId "8600201"]
[BlackFideId "8608059"]
[EventDate "2018.04.18"]

1. c4 Nf6 2. d4 e6 3. Nf3 b6 4. g3 Ba6 5. b3 Bb4+ 6. Bd2 Be7 7. Bg2 d5 8. cxd5
exd5 9. Nc3 O-O 10. O-O Re8 11. Re1 Nbd7 12. Rb1 c5 13. Bg5 Bb7 14. Rc1 Ne4 15.
Bxe7 Qxe7 16. e3 Rac8 17. Bh3 Rcd8 18. Rc2 Nb8 19. Ne5 f6 20. Nf3 Nc6 21. Rc1
Qf7 22. Bf1 Kh8 23. Na4 cxd4 24. Nxd4 Ne5 25. f3 Nd6 26. Nc3 Qg6 27. Ncb5 Ndf7
28. Nc7 Re7 29. Nce6 Rde8 30. f4 Rxe6 31. Nxe6 d4 32. fxe5 Qe4 33. Nf4 Qh1+ 34.
Kf2 Qxh2+ 35. Bg2 Ng5 36. e4 Bxe4 37. Qh5 1-0

[Event "ch-CHN Women 2018"]
[Site "Xinghua CHN"]
[Date "2018.04.23"]
[Round "6.4"]
[White "Ning, Kaiyu"]
[Black "Ni, Shiqun"]
[Result "1/2-1/2"]
[BlackTitle "WGM"]
[WhiteElo "2176"]
[BlackElo "2444"]
[WhiteFideId "8614750"]
[BlackFideId "8608466"]
[EventDate "2018.04.18"]

1. d4 Nf6 2. Nf3 d5 3. c4 e6 4. Nc3 a6 5. cxd5 exd5 6. Bg5 Be6 7. e3 Nbd7 8. Bd3
Bd6 9. Qc2 c6 10. Bh4 Qc7 11. Bg3 Bg4 12. Nh4 Bxg3 13. hxg3 g6 14. O-O O-O 15.
Nf3 Qd6 16. Na4 Rfc8 17. Rac1 Rab8 18. Nc5 a5 19. Nh2 b6 20. Nxg4 Nxg4 21. Nxd7
Qxd7 22. Be2 Nf6 23. Bf3 Rc7 24. Qe2 h5 25. Rc2 Kg7 26. Rfc1 Rbc8 27. Qa6 Rb8
28. Qe2 Rbc8 29. Qa6 Rb8 30. Qe2 Rbc8 1/2-1/2

[Event "ch-CHN Women 2018"]
[Site "Xinghua CHN"]
[Date "2018.04.23"]
[Round "6.5"]
[White "Gu, Tianlu"]
[Black "Huang, Qian"]
[Result "0-1"]
[WhiteTitle "WIM"]
[BlackTitle "WGM"]
[WhiteElo "2171"]
[BlackElo "2440"]
[WhiteFideId "8603995"]
[BlackFideId "8602689"]
[EventDate "2018.04.18"]

1. e4 d6 2. d4 e5 3. Nf3 exd4 4. Nxd4 Nf6 5. Nc3 Be7 6. Be2 O-O 7. O-O Re8 8.
Re1 Bf8 9. Bf1 Nbd7 10. Bg5 h6 11. Bh4 c6 12. Qd2 Ne5 13. f4 Ng6 14. Bf2 Bd7 15.
h3 b5 16. f5 Ne5 17. b4 a5 18. bxa5 Qxa5 19. Nb3 Qc7 20. Bh4 Be7 21. a3 Reb8 22.
Nd4 Be8 23. Kh1 Ra7 24. Bf2 Ra5 25. Nb3 Raa8 26. Bh4 Rb7 27. Ra2 Qd8 28. Bxf6
Bxf6 29. Rd1 Rba7 30. Nb1 Qb6 31. c3 Ra4 32. Qe1 c5 33. Rad2 Rd8 34. Rb2 Nc4 35.
Ra2 Bc6 36. Bd3 Re8 37. Re2 Nxa3 38. Nxa3 Rxa3 39. Bc2 Bb7 40. Qd2 Rd8 41. Qc1
Raa8 42. Qe3 Re8 43. Red2 Bg5 44. Qg3 Bxd2 45. Rxd2 Bxe4 46. Bxe4 Rxe4 47. Rxd6
Qc7 48. f6 g6 49. Kh2 Re6 50. Rxe6 Qxg3+ 51. Kxg3 fxe6 52. Nxc5 Ra3 53. Kf4 Rxc3 0-1

[Event "ch-CHN Women 2018"]
[Site "Xinghua CHN"]
[Date "2018.04.23"]
[Round "6.6"]
[White "Liu, Manli"]
[Black "Wang, Yu A."]
[Result "1/2-1/2"]
[BlackTitle "IM"]
[WhiteElo "2183"]
[BlackElo "2337"]
[WhiteFideId "8608121"]
[BlackFideId "8601097"]
[EventDate "2018.04.18"]

1. e4 e5 2. Nf3 Nc6 3. Nc3 d6 4. d4 Bg4 5. Bb5 exd4 6. Qxd4 Bd7 7. Qd1 Nf6 8.
O-O Be7 9. Re1 O-O 10. h3 Re8 11. a4 Bf8 12. Bf4 h6 13. Qd2 a6 14. Bf1 Ne5 15.
Nd4 Qc8 16. Nd5 Nxd5 17. exd5 Ng6 18. Bh2 Be7 19. b3 Bf6 20. Rxe8+ Qxe8 21. Re1
Qf8 22. c4 Re8 23. Rxe8 Qxe8 24. Nc2 Bg5 25. f4 Bf6 26. Bd3 Nh4 27. Bg3 Qe7 28.
Qe3 Qxe3+ 29. Nxe3 Bd4 30. Bf2 Ng6 31. f5 Ne5 32. Be4 Kf8 1/2-1/2

[Event "ch-CHN Women 2018"]
[Site "Xinghua CHN"]
[Date "2018.04.25"]
[Round "7.1"]
[White "Wang, Yu A."]
[Black "Li, Xueyi"]
[Result "1-0"]
[WhiteTitle "IM"]
[WhiteElo "2337"]
[BlackElo "2275"]
[WhiteFideId "8601097"]
[BlackFideId "8605912"]
[EventDate "2018.04.18"]

1. e4 c5 2. c3 d5 3. exd5 Qxd5 4. d4 g6 5. Be3 Bg7 6. Na3 Nh6 7. Nb5 Na6 8. dxc5
Qxd1+ 9. Rxd1 Nf5 10. Nxa7 O-O 11. Bxa6 Rxa7 12. Bc4 Nxe3 13. fxe3 Bh6 14. Ke2
Ra4 15. Rd4 Ra5 16. Nf3 Rxc5 17. Bb3 e5 18. Rd5 Rxd5 19. Bxd5 Kg7 20. Nxe5 Re8
21. Nc4 b5 22. Bc6 Bg4+ 23. Kf2 Rb8 24. Ne5 Be6 25. a3 Rd8 26. Nf3 Bc4 27. Nd4
Rd6 28. Rd1 Rf6+ 29. Bf3 Rb6 30. Nc6 Bg5 31. g3 Bb3 32. Rd2 Bc4 33. h4 Bf6 34.
Nb4 g5 35. h5 Be5 36. Nc6 Bf6 37. g4 Be6 38. Nd4 Bd7 39. Nf5+ Bxf5 40. gxf5 Be5
41. Rd5 Kf6 42. e4 Bf4 43. Be2 Bc1 44. b3 Bxa3 45. Bxb5 Bb2 46. Bc4 Bxc3 47. Rd7
Ke5 48. Kf3 g4+ 49. Kxg4 Kxe4 50. Rxf7 h6 51. Re7+ Be5 52. Bd3+ Kd4 53. Rd7+ Rd6
54. Rxd6+ Bxd6 55. Bc4 Be5 56. Be6 Kc5 57. Kf3 Bf6 58. Ke4 Bc3 59. Bg8 Bb2 60.
b4+ Kxb4 61. Kd5 Kb5 62. Ke6 Kc6 63. f6 Kc7 64. Ke7 Ba3+ 65. Ke8 Kd6 66. f7 Ke5
67. f8=Q Bxf8 68. Kxf8 Kf6 69. Bf7 1-0

[Event "ch-CHN Women 2018"]
[Site "Xinghua CHN"]
[Date "2018.04.25"]
[Round "7.2"]
[White "Huang, Qian"]
[Black "Liu, Manli"]
[Result "1-0"]
[WhiteTitle "WGM"]
[WhiteElo "2440"]
[BlackElo "2183"]
[WhiteFideId "8602689"]
[BlackFideId "8608121"]
[EventDate "2018.04.18"]

1. Nf3 d5 2. g3 Bg4 3. Bg2 Nf6 4. Ne5 Bf5 5. c4 c6 6. cxd5 cxd5 7. Qa4+ Nc6 8.
Nc3 Qd6 9. d4 Qb4 10. Nxc6 Qxa4 11. Nxa4 bxc6 12. Bf4 e6 13. Rc1 Rc8 14. O-O Be7
15. Rc3 Ne4 16. Bxe4 Bxe4 17. f3 Bg6 18. Rfc1 c5 19. Nxc5 Bxc5 20. Rxc5 Rxc5 21.
Rxc5 O-O 22. Rc7 Ra8 23. b4 a6 24. Rc6 h6 25. Kf2 Ra7 26. a4 f6 27. Rxe6 Bc2 28.
b5 axb5 29. axb5 Ra2 30. b6 Rb2 31. Bc1 Rb1 32. Ba3 Ba4 33. Bc5 Rb2 34. g4 Kh7
35. h4 Bd7 36. Re7 Bc8 37. Kg3 h5 38. gxh5 Ba6 39. e3 Rb3 40. Kf4 Kh6 41. Ra7
Bc8 42. Ra8 g5+ 43. hxg6 Be6 44. h5 1-0

[Event "ch-CHN Women 2018"]
[Site "Xinghua CHN"]
[Date "2018.04.25"]
[Round "7.3"]
[White "Ni, Shiqun"]
[Black "Gu, Tianlu"]
[Result "0-1"]
[WhiteTitle "WGM"]
[BlackTitle "WIM"]
[WhiteElo "2444"]
[BlackElo "2171"]
[WhiteFideId "8608466"]
[BlackFideId "8603995"]
[EventDate "2018.04.18"]

1. e4 c5 2. Nf3 Nc6 3. Bb5 g6 4. Bxc6 bxc6 5. O-O Bg7 6. Re1 Nh6 7. c3 O-O 8. h3
f5 9. e5 Nf7 10. d3 Ba6 11. Bf4 e6 12. Qd2 h6 13. h4 c4 14. dxc4 Bxc4 15. Qe3
Bd5 16. Nbd2 c5 17. c4 Bb7 18. Kh2 Re8 19. Re2 Qb6 20. Rg1 d5 21. b3 d4 22. Qd3
a5 23. g4 Bc8 24. Rg3 Ra7 25. Re1 Nh8 26. Reg1 Qc7 27. gxf5 exf5 28. h5 g5 29.
Nxg5 hxg5 30. Rxg5 Qc6 31. Qg3 Ree7 32. Qh4 Re6 33. h6 Ng6 34. Qh5 Nxf4 35.
Rxg7+ Rxg7 36. Rxg7+ Kh8 37. Rh7+ Kxh7 38. Qf7+ Kxh6 39. Qf8+ Kg5 40. Qd8+ Kh5 0-1

[Event "ch-CHN Women 2018"]
[Site "Xinghua CHN"]
[Date "2018.04.25"]
[Round "7.4"]
[White "Zhu, Jiner"]
[Black "Ning, Kaiyu"]
[Result "1/2-1/2"]
[WhiteElo "2313"]
[BlackElo "2176"]
[WhiteFideId "8608059"]
[BlackFideId "8614750"]
[EventDate "2018.04.18"]

1. e4 e6 2. d4 d5 3. Nc3 Nf6 4. e5 Nfd7 5. f4 c5 6. Nf3 Nc6 7. Be3 cxd4 8. Nxd4
Bc5 9. Qd2 O-O 10. O-O-O a6 11. Qf2 Nxd4 12. Bxd4 Bxd4 13. Qxd4 b5 14. Bd3 Rb8
15. Qe3 Qc7 16. Kb1 b4 17. Ne2 Nc5 18. Nd4 a5 19. Qh3 Ne4 20. Bxe4 dxe4 21. Qe3
a4 22. Qxe4 Bb7 23. Qe3 Bd5 24. f5 b3 25. cxb3 axb3 26. f6 bxa2+ 27. Ka1 Rxb2
28. Kxb2 a1=Q+ 29. Rxa1 Rb8+ 30. Nb3 Bxb3 31. Ra3 Bd1+ 32. Ka1 Qc2 33. Qb6 Qc1+
34. Ka2 Qd2+ 35. Ka1 Qc1+ 36. Ka2 Qc2+ 37. Ka1 Qc1+ 38. Ka2 Qd2+ 39. Ka1 Qc1+ 1/2-1/2

[Event "ch-CHN Women 2018"]
[Site "Xinghua CHN"]
[Date "2018.04.25"]
[Round "7.5"]
[White "Ren, Xiaoyi"]
[Black "Zhai, Mo"]
[Result "1/2-1/2"]
[BlackTitle "WGM"]
[WhiteElo "2263"]
[BlackElo "2310"]
[WhiteFideId "8608709"]
[BlackFideId "8600201"]
[EventDate "2018.04.18"]

1. d4 d5 2. c4 c6 3. Nf3 Nf6 4. e3 e6 5. Nc3 Nbd7 6. Bd3 dxc4 7. Bxc4 b5 8. Bd3
a6 9. O-O c5 10. b3 Bb7 11. Bb2 Be7 12. Qe2 O-O 13. Rad1 Qb6 14. Bb1 Rfd8 15.
Ng5 h6 16. Nge4 cxd4 17. Rxd4 Nc5 18. Rfd1 Ncxe4 19. Nxe4 Nxe4 20. Bxe4 Bxe4 21.
Rxe4 Rxd1+ 22. Qxd1 Rd8 23. Rd4 Qc7 24. Rxd8+ Bxd8 25. h3 Be7 26. Qd3 Qc6 27.
Kf1 f6 28. Kg1 Kf7 29. Kf1 Qc7 30. Kg1 Qd6 31. Qxd6 1/2-1/2

[Event "ch-CHN Women 2018"]
[Site "Xinghua CHN"]
[Date "2018.04.25"]
[Round "7.6"]
[White "Wang, Jue"]
[Black "Guo, Qi"]
[Result "1/2-1/2"]
[WhiteTitle "WGM"]
[BlackTitle "IM"]
[WhiteElo "2365"]
[BlackElo "2381"]
[WhiteFideId "8604070"]
[BlackFideId "8604002"]
[EventDate "2018.04.18"]

1. e4 e5 2. Nf3 Nc6 3. Bb5 a6 4. Ba4 Nf6 5. d3 b5 6. Bb3 Bc5 7. Nc3 d6 8. Nd5 h6
9. c3 Rb8 10. O-O O-O 11. h3 Ba7 12. a4 b4 13. a5 Nxd5 14. Bxd5 bxc3 15. bxc3
Nxa5 16. d4 c6 17. Ba2 exd4 18. Nxd4 c5 19. Nf5 Bxf5 20. exf5 c4 21. Bf4 Bc5 22.
Qa4 Rb5 23. Rab1 Qe8 24. Qc2 Qd8 25. Qa4 Qe8 26. Qc2 Qe7 27. Qa4 Rfb8 28. Rxb5
axb5 29. Qxa5 Qb7 30. Rb1 Ra8 31. Qxb5 Qxb5 32. Rxb5 Rxa2 33. Be3 Ra1+ 34. Kh2
Bxe3 35. Rb8+ Kh7 36. fxe3 Rc1 37. Rd8 Rxc3 38. Rxd6 Rxe3 39. Kg1 h5 40. Kf2 Re5
41. Rc6 Rxf5+ 42. Kg3 h4+ 43. Kxh4 Rf4+ 44. Kg3 g5 45. Kh2 Kg7 46. Kg1 Kf8 47.
g3 Rd4 48. Rc7 Ke8 49. Kg2 f6 50. Kf3 Kd8 51. Rc5 Kd7 52. Ke3 Rd3+ 53. Kf2 c3
54. h4 Kd6 55. Rc8 Ke5 56. h5 Kf5 57. Rc4 g4 58. Rc5+ Ke4 59. Rc4+ Kd5 60. Rc8
Ke4 61. h6 Rd2+ 62. Kg1 Rd7 63. Rxc3 Rh7 64. Kf2 Rxh6 65. Rc4+ Kf5 66. Rc5+ Kg6
67. Ke3 Rh1 68. Kf4 Rf1+ 69. Kxg4 f5+ 70. Kh3 Kg5 71. Rc4 Ra1 72. Kg2 Ra2+ 73.
Kf3 Ra3+ 74. Kf2 Ra2+ 75. Kf3 Ra3+ 76. Kg2 Ra2+ 77. Kf3 1/2-1/2

[Event "ch-CHN Women 2018"]
[Site "Xinghua CHN"]
[Date "2018.04.26"]
[Round "8.1"]
[White "Li, Xueyi"]
[Black "Guo, Qi"]
[Result "1/2-1/2"]
[BlackTitle "IM"]
[WhiteElo "2275"]
[BlackElo "2381"]
[WhiteFideId "8605912"]
[BlackFideId "8604002"]
[EventDate "2018.04.18"]

1. d4 Nf6 2. c4 e6 3. g3 c5 4. d5 exd5 5. cxd5 d6 6. Nc3 g6 7. Bg2 Bg7 8. Nf3
O-O 9. O-O Re8 10. Bf4 Na6 11. Nd2 Nh5 12. Be3 Nc7 13. a4 b6 14. Nc4 Ba6 15. Qb3
Qd7 16. Rfe1 Bxc4 17. Qxc4 a6 18. Qd3 f5 19. Reb1 Nf6 20. h3 a5 21. Rd1 Qe7 22.
Bg5 h6 23. Bxf6 Bxf6 24. Re1 Be5 25. Qd2 Qf8 26. f4 Bg7 27. e4 fxe4 28. Bxe4
Bd4+ 29. Kh2 Kg7 30. Bg2 Rxe1 31. Rxe1 Re8 32. Rxe8 Qxe8 33. b3 Qe7 34. Qd3 Bxc3
35. Qxc3+ Qf6 36. Qd3 Kf7 37. Qe2 Qe7 1/2-1/2

[Event "ch-CHN Women 2018"]
[Site "Xinghua CHN"]
[Date "2018.04.26"]
[Round "8.2"]
[White "Zhai, Mo"]
[Black "Wang, Jue"]
[Result "1-0"]
[WhiteTitle "WGM"]
[BlackTitle "WGM"]
[WhiteElo "2310"]
[BlackElo "2365"]
[WhiteFideId "8600201"]
[BlackFideId "8604070"]
[EventDate "2018.04.18"]

1. d4 Nf6 2. Nf3 e6 3. c4 d5 4. Bg5 h6 5. Bxf6 Qxf6 6. Nc3 c6 7. e3 g6 8. Bd3
Bg7 9. cxd5 exd5 10. b4 a6 11. O-O O-O 12. a4 Qd6 13. Rb1 a5 14. b5 c5 15. Be2
Be6 16. Qd2 Nd7 17. Rfd1 Bf5 18. Rbc1 c4 19. Nh4 Be6 20. e4 Nb6 21. e5 Qe7 22.
g3 g5 23. Ng2 f5 24. f4 g4 25. Kf2 Rf7 26. Rh1 Bf8 27. h3 gxh3 28. Rxh3 Qa3 29.
Ne3 Rd8 30. Nc2 Qe7 31. Rch1 Rh7 32. Bh5 Qg7 33. Ne2 Ra8 34. Ne3 Bb4 35. Qc2 Rf8
36. g4 fxg4 37. Rg3 Kh8 38. Bg6 Nd7 39. Bxh7 Nxe5 40. dxe5 Bc5 41. Qg6 Qxg6 42.
Bxg6 d4 43. Nxg4 d3+ 44. Ne3 dxe2 45. Kxe2 Rxf4 46. Bf7 Rxf7 47. Rxh6+ Rh7 48.
Rxe6 Rh2+ 49. Rg2 Rh4 50. Re8+ Kh7 51. Nf5 1-0